00640nam a22002052 4500001001100000005001700011008004100028020001700069040001500086245007900101250001300180260003200193300001800225650002800243650004200271650004700313700003300360700003800393852000300431000002024020151217152210.0110905s xx 000 0 eng d a0849381713 : aKABUcKABU10aHandbook of prebiotics /cedited by Glenn R. Gibson, Marcel B. Roberfroid. a1st ed. aLondon :bCRC Press,c2008. axvii, 485 p. 0aPrebiotics.@0000180326 0aIntestinesxMicrobiology.@0000180327 0aColon (Anatomy)xMicrobiology.@00001803281 aGibson, Glenn R.@00001803291 aRoberfroid, Marcel B.@00001803301